[Event "FIDE-Wch k.o."]
[Site "New Delhi/Teheran"]
[Date "2000.12.08"]
[Round "4.5"]
[White "Topalov, Veselin"]
[Black "Dreev, Alexey"]
[Result "1-0"]
[WhiteElo "2707"]
[BlackElo "2676"]
[Annotator "Lukacs,P"]
[PlyCount "85"]
[EventDate "2000.11.27"]
[EventType "k.o."]
[EventRounds "7"]
[EventCountry "IND"]
[SourceTitle "CBM 081"]
[Source "ChessBase"]
[SourceDate "2001.03.20"]
[SourceVersion "1"]
[SourceVersionDate "2001.03.20"]
[SourceQuality "1"]

1. e4 c6 2. d4 d5 3. Nd2 dxe4 4. Nxe4 Bf5 5. Ng3 Bg6 6. h4 h6 7. Nf3 e6 8. Ne5
Bh7 9. Bd3 Bxd3 10. Qxd3 Nd7 11. f4 Ngf6 12. Bd2 Be7 13. O-O-O O-O {This
variation is very popular these days, although White's space advantage looks
rather frightening at first sight. However after a quick c6-c5 Black can blow
up White's [+].} 14. Qf3 (14. Ne2 {/\ g4 is a consistant try, but Black comes
first.} c5 $1 {This is the key move here.} {/\} 15. g4 $6 Nxe5 16. fxe5 Nxg4
17. Qf3 h5 $17 {and the N on g4 is well-protected.}) (14. Qe2 c5 15. f5 {
- Glek-Dautov, Julian Borowski-A Essen 2000 CBM 77} (15. dxc5 Nxc5 16. f5 (16.
Bc3 Qc7 17. f5 Nd5 $1 18. Bd4 Rad8 $132 {Vuckovic-Prelevic, YUG 2000}) 16...
Qb6 17. Be3 Rad8 18. Qc4 Qc7 19. Bf4 Nd5 {White's time-consuming manoeuvres
are not impressive at all.} 20. Ng6 Nxf4 21. Nxe7+ Kh8 ({or} 21... Kh7 $5 {/\}
22. Kb1 $2 b5 $1 $19) 22. Kb1 b5 $1 23. Rxd8 $1 Rxd8 (23... bxc4 $2 24. Rxf8+
Kh7 25. Rxf7 $16) 24. Qf1 {(Sherzer-Al Vajda, Budapest FS GM 2001)} Nfd3 $1 25.
cxd3 (25. fxe6 Qxe7 26. cxd3 Qxe6 $17) 25... Qxe7 $17)) (14. Rhe1 c5 $1 15.
Nxd7 Qxd7 16. f5 cxd4 17. fxe6 fxe6 18. Qb3 Nd5 19. Re4 Bc5 20. Rg4 Kh8 21. Nh5
Qf7 $1 $15 {and it is not easy for White to get back the sacrificed P,
Feygin-Dautov, Gersenkirchen BL 2000/2001}) 14... Qc7 15. c4 (15. Rhe1 {
- Hracek-Dautov, Lippstadt 2000 CBM 78}) (15. Kb1 c5 {This looks more
straightforward, there is no need for preparation.} (15... Rad8 16. Ne2 h5 $1 {
This is the typical defensive reaction in this variation, otherwise 17.g4
comes.} 17. Bc3 g6 18. Rhg1 Qd6 19. g4 hxg4 20. Qd3 Qd5 21. Ng3 Kg7 22. h5 (22.
Ne2 Rh8) 22... Nxe5 (22... gxh5 23. Nxh5+ Nxh5 24. Rxg4+ Kh8 25. Qh3 $16) (
22... Nxh5 $2 23. Nxh5+ gxh5 24. Nxg4 $1 hxg4 25. Rxg4+ Kf6 26. Rg5 $18) 23.
h6+ (23. fxe5 Nxh5 24. Ne4 Qb5 25. Qe3) 23... Kh7 24. fxe5 Ng8 25. Ne4 $14 {
Luther-Neulinger, AUT-chT 2000}) 16. Nxd7 Qxd7 17. dxc5 Bxc5 18. Bc3 Qe7 19.
Rhe1 Rfd8 20. Bxf6 Qxf6 21. Ne4 Qe7 22. Nxc5 Qxc5 23. Qxb7 Qf2 24. Qf3 Qxh4 25.
b3 Rxd1+ 26. Rxd1 Rd8 27. Rxd8+ Qxd8 28. Qe3 $14 {with only slightly better
_|_ for White, Fercer-Neulinger, Finkenstein op 2000.}) 15... a5 ({Now} 15...
c5 {is already strongly met by the standard} 16. d5 $1 Rae8 (16... exd5 17. Nf5
$1 $16) (16... Nxe5 $2 17. fxe5 Qxe5 18. Bf4 $18) 17. Rhe1 exd5 18. cxd5 (18.
Nf5 $5 {deserves attention as well.} dxc4 19. Bc3 $16) 18... Bd6 19. Bc3 Nxe5
$2 (19... Nb6 20. Nf5 $16) 20. fxe5 $18 Rxe5 (20... Bxe5 21. Rxe5 Rxe5 22. d6
$18) 21. Bxe5 Bxe5 22. Nf5 Rd8 (22... Re8 23. Kb1 c4 24. d6) 23. d6 $1 Bxd6 24.
Rxd6 $1 {1:0 Movsesian-Iordachescu, FIDE Wch KO New Delhi 2000}) 16. Kb1 (16.
Ne2 $5 h5 $1 {This is the correct reaction again!} (16... a4 {gives White free
hand on the >> after} 17. g4 $16) (16... c5 $5 17. g4 $1 {The race begins!}
cxd4 18. g5 $1 Nxe5 $1 (18... hxg5 $6 {opens up the position against his own K.
} 19. hxg5 Nxe5 20. fxe5 Qxc4+ 21. Kb1 Qd5 (21... d3 22. gxf6 $18) 22. Qh3 Qe4+
23. Ka1 Nh7 24. g6 $1 Qxg6 25. Rdg1 Qe4 26. Qh6 $18) 19. fxe5 Nd7 $1 (19...
Qxc4+ 20. Kb1 d3 21. exf6 Qc2+ 22. Ka1 dxe2 23. Qxe2 $16) 20. gxh6 $1 (20. Bf4
Nxe5 $1 (20... Qxc4+ 21. Kb1 $44) 21. Bxe5 (21. Qg3 $2 Qxc4+) 21... Qxe5 22.
gxh6 Qf6 $15) 20... Nxe5 21. Qg3 (21. Qg2 $6 Qxc4+ 22. Bc3 (22. Kb1 g6) 22...
Bf6 23. hxg7 (23. Nxd4 Nd3+ $17) 23... Rfc8 $17) 21... g6 $1 {Black has to
avoid the opening of the lines on the >>.} (21... Qxc4+ 22. Bc3 $1 {This is
the surprise move!} (22. Kb1 Qd3+) 22... Bf6 (22... Ng6 23. hxg7 Rfc8 24. Nxd4)
23. Nxd4 Rfc8 24. Kb1 b5 25. Rhf1 $16 {with good attacking chances for White.})
22. Nxd4 (22. h5 $2 Qxc4+) 22... Qxc4+ 23. Bc3 $44) 17. Ng3 g6 18. Rhe1 Rad8
19. f5 $5 (19. Kb1 {- 16.Kb1 Rad8 17.Ne2 h5}) 19... Nxe5 20. dxe5 Ng4 21. Nxh5
$1 {This is the precise move order.} ({In case of} 21. f6 Bc5 22. Nxh5 $1 Nxe5
$1 {will come.}) 21... gxh5 22. f6 Rd4 $1 (22... Bc5 $2 23. Qf4 $18) 23. fxe7
Rxc4+ 24. Kb1 Qxe7 25. Bg5 Qb4 $13) 16... Rad8 17. Bc1 (17. Bc3 Bb4 {exchanges
the dangerous B.}) (17. Ne2 $5 {deserved attention here as well.} h5 $1 {
is the cold-blooded answer again.} (17... c5 $5 {is again met by the aggressive
} 18. g4 $1 cxd4 19. g5 Nxe5 20. fxe5 Nd7 $1 21. gxh6 $1 (21. Bf4 $6 Nxe5 22.
Qg3 Qxc4 23. gxh6 (23. Bxe5 Qxe2 24. gxh6 g6) 23... g6 (23... Ng6 $2 24. hxg7
Rfe8 25. h5 Qxe2 26. hxg6 Qe4+ 27. Ka1 fxg6 28. Be5 $18) 24. h5 Kh7 $1 {
- 21.gxh6} (24... Qxe2 25. h7+ Kxh7 26. hxg6+ Kg8 27. Rh8+ Kxh8 28. Qh3+ Bh4
29. Qxh4+ Kg7 30. Qh6+ Kf6 31. Qg5+ Kg7 $11)) (21. Qg3 $2 h5 $17) 21... Nxe5
22. Qg3 g6 23. h5 Kh7 24. hxg6+ $1 (24. Bf4 Qxc4 25. Nxd4 Rxd4 26. Bxe5 Rxd1+
27. Rxd1 Qe4+ 28. Ka1 g5 $19) 24... fxg6 25. Nf4 $1 (25. Bf4 Qxc4) 25... Qxc4
26. Rhe1 $44) 18. Ng3 g6 19. Rhe1 (19. Bc3 Nxe5 20. fxe5 (20. dxe5 Ng4) 20...
Ng4 $13) 19... Nxe5 (19... c5 20. d5) 20. fxe5 Ng4 21. Bg5 $1 $14) 17... Rfe8
18. Ne2 c5 $5 (18... h5 $1 {looks attractive again, for example:} 19. Ng3 g6
20. Rhe1 c5 21. d5 exd5 22. cxd5 Nb6 23. f5 Bd6 $1 24. fxg6 Bxe5 25. Nxh5 Nxh5
26. Qxh5 f6 $1 $13) 19. g4 $1 cxd4 20. g5 Nxe5 21. fxe5 Nh7 (21... Nd7 22. gxh6
Nxe5 23. Qg3 Bf6 $13) 22. gxh6 Qxe5 (22... Qxc4 $2 23. Rhf1 $1 f5 (23... Rf8
24. hxg7) 24. Rg1 $18) 23. hxg7 f5 $5 (23... Bf6 {is the other defensive
option.} 24. h5 Bxg7 25. Rhg1 Kf8 26. Rdf1 Nf6 27. Qa3+ (27. Rxg7 $6 Kxg7 28.
h6+ Kh8 29. Qxf6+ Qxf6 30. Rxf6 d3) 27... Qd6 28. Qf3 Qe5 $11) 24. Ng3 (24. h5
$1 {was required, for example:} Qf6 $1 (24... Kxg7 25. h6+ Kh8 26. Nf4 Qf6 (
26... Nf8 27. Rde1 Qf6 28. h7 $1 $18) 27. Nh5 Qg6 28. Bf4 $16) 25. h6 e5 26.
Ng3 f4 27. Ne4 Qe6 28. Rh5 (28. Qd3 Rc8 29. b3 a4) 28... Rc8 29. b3 a4 30. Rg1
axb3 31. axb3 Ra8 $14) 24... Qc7 25. Qe2 Bc5 (25... Bf6 $6 {runs into} 26. Nh5
e5 27. Ng3 {attacking >< f5} Qc8 28. Qh5 f4 {Now the light squares are
weakened.} 29. Nf5 $16) 26. Nh5 e5 27. Ng3 Qf7 (27... f4 $6 {weakens the
important light squares.} 28. Nf5 $16) 28. Qf1 (28. h5 Kxg7 29. Rdf1 f4 30. Ne4
Be7 $13) 28... f4 29. Ne4 {The N is an excellent blockading piece on e4 now.}
Qf5 30. Qd3 Be7 31. Rdg1 Rd6 32. c5 Re6 (32... Rg6 33. Rxg6 Qxg6 34. h5 Qxg7
35. Qb3+ Kh8 36. Qxb7 Nf6 $13 {exchanging the strong N on e4.}) 33. h5 Bg5 (
33... Ng5 $5 34. h6 Qh7 {deserved serious attention.}) 34. Ka1 Bh6 (34... Nf6 {
is again logical eliminating the blockading N on e4.} 35. Rxg5 Qxe4 36. Qh3 Rc6
37. h6 Kh7 $13) 35. Qf3 Ng5 (35... R6e7 $2 36. Nd6 $18) 36. Nxg5 Bxg5 37. Qd5 (
37. Qxb7 e4 $132) 37... Bh6 38. Rg6 (38. Qxb7 {allows the push} e4 $132) 38...
Qf7 39. Qe4 Rc8 40. Rhg1 Rxc5 41. Bd2 Rec6 (41... Rxg6 42. Rxg6 Rc6 43. Qxe5
Rxg6 44. hxg6 Qxg6 $11) 42. a3 Rc8 $4 {[%mdl 8192] The is a terrible blunder,
probably in time trouble.} ({There was nothing wrong with} 42... Rxg6 43. Rxg6
Rc6 44. Qxe5 Rxg6 45. hxg6 Qxg6 46. Qxd4 Qxg7 $11) 43. Rxh6 1-0

[Event "Sarajevo Bosnia 31st"]
[Site "Sarajevo"]
[Date "2001.05.13"]
[Round "1"]
[White "Topalov, Veselin"]
[Black "Movsesian, Sergei"]
[Result "1-0"]
[WhiteElo "2707"]
[BlackElo "2661"]
[Annotator "Ribli,Z"]
[PlyCount "65"]
[EventDate "2001.05.13"]
[EventType "tourn"]
[EventRounds "9"]
[EventCountry "BIH"]
[EventCategory "16"]
[SourceTitle "CBM 084"]
[Source "ChessBase"]
[SourceDate "2001.09.13"]
[SourceVersion "1"]
[SourceVersionDate "2001.09.13"]
[SourceQuality "1"]

1. e4 c5 2. Nf3 Nc6 3. d4 cxd4 4. Nxd4 e6 5. Nc3 Qc7 6. Be3 a6 7. Qd2 {Dieser
Zug wird auf Großmeisterebene nur selten gespielt. Weiß möchte in der Folge
mit 0-0-0 und eventuellem f3, g4 eine starke Angriffsstellung aufbauen.} b5 8.
O-O-O (8. Bf4 e5 (8... Ne5 9. Ndxb5 axb5 10. Nxb5 Qb8 11. Qc3 f6 12. O-O-O Nd3+
13. Bxd3 Qxf4+ 14. Kb1 Kf7 15. Rhf1 Ne7 {0-1 Doncheva,M-Velcheva,M/Plovdiv BUL
2001/(52)}) 9. Nd5 Qb8 10. Nxc6 dxc6 11. O-O-O cxd5 12. Qxd5 f6 13. Be3 Qb7 14.
Qd8+ Kf7 15. f3 Be6 {0-1 Bhattacharyya,P-Mishra,N/Calcutta 1994/CBM 39 ext (26)
}) 8... Nf6 (8... Bb7 9. Nxc6 Bxc6 10. Nd5 Bxd5 11. exd5 Nf6 12. d6 Qc6 13. Be2
Qxg2 14. f3 Nd5 15. Rdg1 Qh3 16. Rg3 Qh4 17. Rg4 Qd8 18. Bc5 Rc8 19. b4 h5 20.
Rd4 Nf6 21. a4 {1/2-1/2 Leko,P-Movsesian,S/Las Vegas 1999/CBM 72 (54)}) 9. Bf4
{Das ist eine neue und interessante Idee. Ich glaube, dass wir in nächster
Zeit weitere Partien zu diesem Thema sehen werden.} (9. Nxc6 dxc6 (9... Qxc6
10. f3 Bb7 11. g4 (11. Kb1 Rc8 12. Bd4 Bc5 13. g4 Bxd4 14. Qxd4 Qc5 15. Qd2 b4
16. Na4 Qc6 17. b3 O-O 18. g5 Nh5 {1/2-1/2 Kobalija,M-Oral,T/Varadero 2000/CBM
77 (34)}) 11... b4 12. Ne2 d5 13. e5 Nd7 14. Bd4 a5 15. Kb1 Bc5 16. Bxc5 Qxc5
17. f4 O-O 18. Nd4 {1/2-1/2 Kobalija,M-Stefansson,H/Varadero 2000/CBM 77 (41)})
10. f3 Be7 11. g4 e5 12. h4 Be6 13. Bh3 Rd8 14. Qh2 Rxd1+ 15. Rxd1 O-O 16. g5
Nh5 17. Bxe6 fxe6 18. Qh3 Qc8 19. Ne2 g6 {1/2-1/2 Motylev,A-Fominyh,A/Ubeda
ESP 2001/(41)}) (9. f3 Bb7 10. Nb3 (10. Kb1 b4 11. Na4 d5 12. Nxc6 Bxc6 13. Nb6
Rd8 14. exd5 Nxd5 15. Nxd5 Rxd5 16. Bd3 Be7 $11) 10... d6 11. Bd3 Ne5 12. Qf2
Nfd7 13. Kb1 Rb8 14. Rhe1 Be7 15. Ba7 Rc8 {0-1 Tirard,H-Gustafsson,J/Hamburg
1996/CBM 55 ext (44)}) 9... Ne5 (9... Qb6 10. e5 $36) (9... e5 10. Nxc6 exf4 (
10... dxc6 11. Bxe5 $18) 11. e5 Ng4 12. Nd4 $40) 10. Nf3 Nfg4 (10... Nxf3 $5
11. gxf3 Qa5 12. Kb1 (12. e5 b4 $132) 12... b4 13. Ne2 d5 $13) 11. Bg3 (11. h3
Nxf3 12. Bxc7 Nxd2 13. Rxd2 Nf6 14. e5 b4 {b5-b4auf e4-e5 ist ein für diese
Stellungen typischer Gegenangriff von Schwarz.}) 11... f6 (11... b4 $2 12. Nd5
exd5 13. Nxe5 Nxe5 14. Qxd5 $16 {[%csl Re5][%cal Rd5a8]}) (11... Bb4 $2 12. Qg5
$16) (11... d6 12. Nxe5 Nxe5 13. f4 $40) 12. Nxe5 Nxe5 (12... fxe5 $2 13. Qg5
$16) 13. f4 {Weiß hat Entwicklungsvorsprung und gute Angriffschancen. Der
schwarze König steht unsicher in der Mitte. Dennoch hat Schwarz einige
Gegenchancen am Damenflügel.} Nc4 (13... b4 $2 14. Nd5 $16) (13... Nf7 $5) 14.
Bxc4 Qxc4 15. f5 $36 {[%csl Re8]} Kf7 $6 (15... Bb4 16. fxe6 Qxe6 17. Qd5 Qc6 (
17... Qxd5 $2 18. Nxd5 Ba5 19. Bc7 $18) 18. Qh5+ g6 19. Qh6 Bf8 (19... Bxc3 $2
20. Qg7 $18) 20. Qh4 $40) (15... e5 $5 {Dieser Zug schwächt zwar das Feld d5,
aber die schwarze Stellung scheint mir verteidigungsfähig.}) (15... b4 $5 16.
fxe6 bxc3 17. exd7+ Kf7 $13) 16. e5 $1 {[%mdl 128]} b4 (16... Bb4 17. Rhf1 Bxc3
18. bxc3 Qxa2 19. Qe2 $44 (19. Qd6 $44)) 17. Nb1 exf5 (17... Qxa2 18. Rhf1 $36
{[%cal Gf1f7]}) 18. exf6 gxf6 19. Bd6 $1 {[%csl Gd6]} (19. Rhf1 d5 $1 (19...
Kg6 20. Bd6 $40) 20. b3 Qc6 21. Qxd5+ Qxd5 22. Rxd5 Be6 $11) 19... Bxd6 (19...
Qxa2 20. Qxb4 Bh6+ 21. Bf4 $36) 20. Qxd6 Re8 21. b3 (21. Rhe1 Re6) 21... Qb5 (
21... Qe4 22. Nd2 Qe5 (22... Qxg2 23. Rhg1 Qc6 24. Qg3 $16 {[%cal Rg1g7,Rg7f7]}
) 23. Qxb4 Qa1+ 24. Nb1 $36) 22. Rhe1 (22. a4 $5) 22... Bb7 (22... Re6 23. Rxe6
dxe6 24. Qc7+ Kg6 25. Rd8 $18) (22... Re5 23. Nd2 Bb7 (23... Qc5 24. Qxc5 Rxc5
25. Nc4 $36) 24. Rxe5 fxe5 25. Nc4 $16) 23. a4 (23. Qxd7+ Kg6 24. Qd6) 23...
Qc6 (23... bxa3 24. Nxa3 Qc6 25. Qxd7+ Kg6 26. Qd3 Rxe1 27. Qg3+ Kf7 28. Qxe1
Re8 29. Qh4 $40) 24. Qxb4 {Endlich hat Weiß das materielle Gleichgewicht
widerhergestellt. Die schwarze Königsstellung ist - die ganze Partie über -
schwach, doch Weiß hat noch keine konkreten Drohungen.} Rxe1 (24... Rac8 25.
Na3 $16 {[%cal Ga3c4,Gc4d6]}) (24... Re6 $5) 25. Qxe1 (25. Rxe1 Rc8 (25... Qxg2
26. Qe7+ Kg6 27. Qxd7 Be4 28. Nd2 $14) 26. Na3) 25... Rc8 26. Na3 d5 27. Qh4 {
[%csl Gh4]} Kg8 28. Rd3 {[%cal Gd3h3,Gg3g8]} Qe6 29. Qg3+ Kf7 $2 {[%mdl 8192]
Das ist ein Fehler, der Weiß tödliche Drohungen ermöglicht.} (29... Kh8 $1 30.
Re3 Qd7 31. Qh4 Qg7 $14) 30. Re3 $1 $16 Qb6 (30... Qd7) 31. Qh3 {[%csl Rf7]
[%cal Rh3h7,Rh7f7]} Qc5 32. Qxh7+ Kf8 33. Rg3 $18 1-0

[Event "Sarajevo Bosnia 31st"]
[Site "Sarajevo"]
[Date "2001.05.14"]
[Round "2"]
[White "Atalik, Suat"]
[Black "Topalov, Veselin"]
[Result "0-1"]
[WhiteElo "2537"]
[BlackElo "2707"]
[Annotator "Atalik,S"]
[PlyCount "64"]
[EventDate "2001.05.13"]
[EventType "tourn"]
[EventRounds "9"]
[EventCountry "BIH"]
[EventCategory "16"]
[SourceTitle "CBM 084"]
[Source "ChessBase"]
[SourceDate "2001.09.13"]
[SourceVersion "1"]
[SourceVersionDate "2001.09.13"]
[SourceQuality "1"]

1. d4 Nf6 2. c4 e6 3. Nf3 d5 4. Nc3 dxc4 5. e3 {Too tame.} ({Usual is} 5. e4
Bb4 6. Bg5) 5... a6 6. Bxc4 (6. a4 c5 7. Bxc4 Nc6 8. O-O Be7 9. Qe2 cxd4 10.
Rd1 e5 {transposes to some equal variation of queen's gambit accepted.} 11.
exd4 exd4 12. Nxd4 Nxd4 13. Qe5 Qd6 14. Qxd6 Bxd6 15. Rxd4 $11) 6... b5 7. Bb3
Bb7 8. O-O c5 9. Qe2 Nbd7 10. Rd1 Qb8 11. d5 Nxd5 12. Bxd5 exd5 13. Nxd5 Bxd5
14. Rxd5 Qb7 15. e4 Be7 16. Bg5 f6 17. Rad1 {This is all theory.} Nb6 18. Bf4
O-O (18... Nxd5 $6 {is risky.} 19. exd5 O-O 20. d6 Bd8 21. d7 Bc7 22. Qe6+ Kh8
(22... Rf7 23. b4 cxb4 (23... c4 24. Be3 c3 25. Bc5 $18) 24. Rc1) 23. Be3 Qb6
$140 $2 24. Qxb6 Bxb6 25. b4 $18) 19. R5d2 Rfe8 $1 {Black builds up his play
around whites post on e4.} 20. e5 Bf8 21. Qd3 Nc4 $1 22. Re2 {I have thought
that blacks last is impossible.} (22. exf6 $2 Nxd2 23. f7+ Qxf7 24. Ng5 Nf3+ $1
{The move which I have later seen.} 25. Qxf3 (25. gxf3 Qg6 $19 {and the knight
is pinned.}) 25... Qxa2 $8 $19) 22... fxe5 23. Bxe5 $6 {Like it was mentioned
in the previous notes,white is not doing so fine.} (23. Nxe5 Bd6 24. Rde1 Bxe5
25. Bxe5 Rad8 26. Qg3 Nxe5 27. Rxe5 Rxe5 28. Qxe5 Qd5 29. Qe7 Rf8 30. b3 c4 31.
bxc4 bxc4 32. Qe6+ Qxe6 33. Rxe6 Rc8 34. Re2 Kf7 35. Kf1 Kf6 36. Ke1 $11) 23...
Nxe5 24. Nxe5 c4 25. Qf5 Qe7 $1 26. Re3 Rad8 {After this white can force a
pawns ending.However during the game I have thought that this ending is losing
by force.} 27. Rde1 $2 {Despite everything white has to go to the pawns ending.
} (27. Rd7 $1 Rxd7 (27... g6 $2 28. Qg4 Qf6 29. Qd1 $1 $18) 28. Nxd7 Qf7 29.
Qxf7+ Kxf7 30. Rxe8 Kxe8 31. Nxf8 Kxf8 32. f4 $1 {This is the first critical
move.White is threatening to occupyone of the central squares with his king.} (
{This one is clearly losing.} 32. a3 $2 a5 33. Kf1 b4 34. Ke2 (34. axb4 c3 $1
35. bxc3 a4 $19) 34... c3 $19) (32. Kf1 $2 Ke7 33. Ke2 Kd6 34. Ke3 Kd5 35. h4 (
35. f4 h5 $1 (35... b4 36. g4 $1 $11) 36. g3 a5 37. h3 b4 38. a4 Kc5 $1 39. g4
hxg4 40. hxg4 Kd5 $19) (35. g4 g5 36. f4 gxf4+ 37. Kxf4 Kd4 $19) 35... h5 $1
36. f3 (36. a3 a5 $1 (36... c3 $2 37. bxc3 Kc4 38. f4 Kxc3 39. g4 hxg4 (39...
a5 40. gxh5 b4 41. axb4 axb4 42. f5 b3 43. f6 gxf6 44. h6 b2 45. h7 b1=Q 46.
h8=Q $11) 40. f5 a5 41. f6 gxf6 42. h5 b4 43. axb4 axb4 44. h6 b3 45. h7 b2 46.
h8=Q b1=Q 47. Qxf6+ $11) 37. f3 c3 $1 38. bxc3 Kc4 39. Kd2 Kb3 40. g4 Kxa3 41.
gxh5 b4 $19) 36... a5 37. g4 b4 (37... g6 $2 38. a3 b4 (38... Ke5 39. f4+ Kf6
40. gxh5 gxh5 41. Kd4 Kf5 42. Kc5 Kxf4 43. Kxb5 Kg4 44. Kxc4 Kxh4 45. b4 axb4
46. a4 $18) 39. axb4 axb4 40. gxh5 gxh5 41. f4 b3 42. Kd2 Ke4 43. Kc3 Kxf4 44.
Kxc4 Kg4 45. Kxb3 Kxh4 46. Kc4 Kg3 $11) 38. gxh5 (38. a4 hxg4 39. fxg4 Ke5 40.
h5 b3 41. Kd2 Kf4 42. Kc3 Kxg4 43. Kxc4 Kxh5 44. Kxb3 g5 45. Kc4 g4 $19) 38...
a4 39. Kd2 Kd4 40. a3 b3 41. h6 gxh6 42. h5 (42. f4 Ke4 43. Kc3 Kxf4 44. Kxc4
Ke3 45. Kb5 Kd2 $19) 42... c3+ $1 {Now black is winning due to the fact that
white's passer's are two files apart.} 43. bxc3+ Kc4 44. f4 Kd5 45. Kd3 Ke6 46.
c4 Kf5 47. c5 Ke6 $19) 32... Ke7 (32... h5 33. Kf2 Ke7 34. Ke3 Ke6 35. Ke4 $11)
(32... a5 33. Kf2 a4 34. Ke3 b4 35. Kd2 Ke7 36. a3 c3+ 37. bxc3 b3 38. g4 Kd6
39. Kd3 g6 40. c4 Ke6 41. Kc3 $11) 33. Kf2 {The move order does not matter
white has to throw his king on the third rank and then should play g4 or the
other way around.} (33. g4) 33... Kd6 34. Ke3 Kd5 35. g4 $1 b4 (35... a5 $5 36.
h4 $5 (36. a3 a4 37. Kd2 Ke4 (37... Kd4 38. f5 h6 39. Kc2 c3 40. bxc3+ Ke4 41.
h3 Kf4 42. Kd3 Kg3 43. Ke4 Kxh3 44. Kf3 $11) 38. Kc3 $1 (38. f5 $2 Kf4 39. Kc3
Kxg4 40. Kb4 Kh3 41. Kxb5 Kxh2 42. Kxa4 Kg3 43. Kb5 h5 $19) 38... Kxf4 39. Kb4
Kxg4 40. Kxb5 Kh3 41. Kxa4 Kxh2 42. b4 cxb3 43. Kxb3 g5 44. a4 $11) 36... a4
37. a3 b4 $1 (37... g6 $2 {This move surprisingly loses the game.} 38. g5 $3 (
38. h5 $2 gxh5 39. gxh5 h6 40. Kd2 Ke4 41. Kc3 Kxf4 42. Kb4 Kg5 43. Kxb5 Kxh5
44. Kxa4 Kg4 $19) 38... Ke6 (38... b4 $2 39. axb4 c3 40. Kd3 cxb2 41. Kc2 a3
42. b5 Kc5 43. h5 gxh5 44. f5 h4 45. f6) 39. Kd4 Kd6 (39... Kf5 40. Kc5 Kxf4
41. Kxb5 Kg4 42. Kxc4 Kxh4 43. b4 axb3 44. Kxb3 Kxg5 45. a4 $18) 40. Kc3 Kd5
41. Kb4 Kc6 42. f5 gxf5 43. h5 f4 44. g6 (44. Kc3 $2 f3 45. Kd2 b4 $19) 44...
hxg6 45. hxg6 f3 46. g7 f2 47. g8=Q f1=Q 48. Qa8+ Kc7 49. Qa5+ Kd6 50. Qb6+ Ke7
51. Qxb5 Qe2 52. Qc5+ Kd7 53. Qd4+ Ke7 54. Kxa4 $18) (37... h6 38. h5 $1 b4 39.
axb4 c3 40. Kd3 cxb2 41. Kc2 a3 42. g5 $18) 38. axb4 c3 39. Kd3 cxb2 40. Kc2
Kc4 (40... a3 $2 41. f5 $18) 41. f5 Kxb4 42. Kxb2 (42. g5 $2 Ka3 $19) 42... Kc5
43. h5 Kd6 44. g5 Ke7 45. Ka3 h6 46. gxh6 gxh6 47. Kxa4 Kf6 48. Kb3 Kxf5 49.
Kc2 $11) (35... g6 36. a3 h6 37. h3 a5 38. f5 gxf5 39. gxf5 Ke5 40. f6 Kxf6 41.
Kd4 Kg5 42. Kc5 Kh4 43. Kxb5 Kxh3 44. Kxc4 h5 45. b4 axb4 46. axb4 h4 47. b5
Kg2 48. b6 $11) 36. a4 $3 {This is the most important move.} a5 37. h4 (37. f5
$2 h6) 37... b3 (37... g6 38. f5 gxf5 39. gxf5 Ke5 40. f6 Kxf6 41. Kd4 c3 42.
bxc3 b3 (42... bxc3 43. Kxc3 h5 (43... Kf5 $2 44. Kc4 Kg4 (44... Ke5 45. Kb5
Kd6 46. Kxa5 Kc5 47. h5 h6 48. Ka6 Kc6 49. a5 Kc7 50. Kb5 Kb7 51. Kc5 $18) 45.
Kb5 h5 46. Kxa5 Kxh4 47. Kb5 Kg3 48. a5 $18) 44. Kc4 Ke6 45. Kb5 Kd5 46. Kxa5
Kc5 $11) 43. Kd3 Ke5 44. Kd2 Kd5 45. Kc1 Kc4 46. Kb2 h5 47. Ka3 Kxc3 $11) 38.
Kd2 Ke4 39. Kc3 Kxf4 40. Kxc4 Kxg4 41. Kxb3 Kxh4 42. Kc4 g5 43. b4 axb4 44. a5
g4 45. a6 g3 46. a7 g2 47. a8=Q g1=Q 48. Kxb4 $11) 27... Qe6 $1 {Black
sacrifices a pawn for initiative.Actually it is not even a sacrifice since
black will win it back almost immediately.} 28. Qxe6+ Rxe6 29. Nxc4 Rc6 30. Ne5
Rc2 31. Rb3 $4 {Unbelievable!After this howler of course white will lose in
2two moves.} (31. Kf1 $1 Rxb2 (31... Bb4 32. Rb1 Rdd2 (32... Bc5 33. Re2 Rdd2
34. Rxd2 Rxd2 35. Rc1 Rxf2+ 36. Ke1 Be3 37. Rc8+ Rf8 38. Rxf8+ Kxf8 $15) 33.
Nd3 Ba5 34. Rf3 $11) 32. R3e2 Rxe2 33. Kxe2 Bb4 34. Rd1 Rxd1 35. Kxd1 $15)
31... Rdd2 $19 32. g3 {Nothing works!} (32. Nd3 a5 33. h3 a4 34. Rxb5 Rxd3 $19)
(32. Ng4 Bc5 $19) 32... Rxf2 0-1